02478nam a2200421 a 450000100060000000300090000600800410001502000180005604000280007404100080010209000110011010000370012124500970015825000110025526000470026630000220031349000150033550000440035065000340039465000340042865000460046265000280050870000340053670000260057094200120059699900150060895201250062395201280074895201290087695201290100595201340113495201330126895201290140195201280153095201360165895201330179495201290192725784CO-ViMGA141112s2004 ck r 000 u spa d a9789588654737 aCO-ViMGAbspacCO-ViMGA aSPA aN LON11 aLondon, Jack, 1876 - 191693989110aLa peste escarlata / cJack London ; ilustraciones Luis Scafati ; traducción Marcial Souto a1a ed. aBogotá : bLibros del Zorro Rojo, c2013 a113 p. : il. col. aIllustrata aTítulo original : The scarlet plague.14aAUTORES ESTADOUNIDENSES 971814aFIN DEL MUNDO - NOVELA93989214aNOVELA ESTADOUNIDENSE - SIGLO XIX 93989314aPLAGAS - NOVELA 9398941 aScafati, Luis, 1947 - 9398951 aSouto, Marcial939896 2ddccBK c5350d5350 00102ddc4070aMEPRICObMEPRICOcLITd2022-12-13l0oNLON1pPRL000000131r2022-12-13 00:00:00tEj.1w2022-12-13yBKLIT 00102ddc40708GENaMEDORADObMEDORADOcLITd2023-02-01l0oNLON1pDOR01505r2023-02-01 00:00:00tEj.1w2023-02-01yBKLIT 00102ddc40708GENaMECABUYAbMECABUYAcLITd2023-06-27l0oNLON1pCAB000381r2023-06-27 00:00:00tEj.1w2023-06-27yBKLIT 00102ddc40708GENaMECUBARRbMECUBARRcLITd2023-07-28l0oN LON1pCUB01377r2023-07-28 21:46:44tEj.1w2023-07-28yBKLIT 00102ddc40708001aMEVIGACOMbMEVIGACOMd2015-12-04h29/ago/2014l0oN LON1p27077r2015-12-04 00:00:00tEj. 2w2015-12-04yBK 01102ddc44708003aMEVIECARbMEVIECARd2015-12-04h10/jul/2014l0oN LON1p010591r2015-12-04 00:00:00tEj. 1w2015-12-04yBK 00102ddc40708001aMEMAPIRIbMEMAPIRIcLITd2024-01-17l0oN LON1pMAP00002248r2024-01-17 22:24:20tEj.1w2024-01-17yBK 00102ddc40708GENaMEURIBEbMEURIBEcLITd2024-10-01l0oN LON1 pURI01530r2024-10-01 11:16:01tEj.1w2024-10-01yBKLIT 00102ddc4070aMEMESETAbMEMESETAcLITd2024-10-07k9789588654737l0oN LON1pME000254r2024-10-07 09:38:53tEj.1w2024-10-07yBK 001040708001aMEVIGERRbMEVIGERRcGENd2014-12-05oN LON1pECA23362r2024-11-26 09:06:46tEj.1w2024-11-26yBKz17413 | 22342 00102lcc40708012aMESJUANIbMESJUANIcLITd2025-12-16l0oN LON1pSJU02449r2025-12-16 16:20:50tEj.1w2025-12-16yBKLIT